000 01036cam a2200313 4500
001 11023
005 20230404125608.0
008 060907n1994 waud b i0 spa
020 _a0940602873
035 _9funglode11109
041 _aspa
050 1 4 _aCD F 00036
100 1 _aBianchi, Andrés
245 1 0 _aPolítica Cambiaria, Desarrollo Exportador y Estabilización en Chile, 1990-92 /
_cAndrés Bianchi
260 _aWashington D.C. :
_bBID,
_c1994
300 _a47 p. :
_bill. ;
_c24 cm.
490 1 _aSerie de monografías del BID ;
_v12
504 _aIncludes bibliographical references (p. 46-47).
650 0 _aForeign exchange
_zChile.
650 0 _aFiscal policy
_zChile.
650 0 _aForeign trade promotion
_zChile.
650 0 _aEconomic stabilization
_zChile.
650 0 _aExports
_zChile.
650 0 _aImport substitution
_zChile.
710 2 _aInter-American Development Bank.
830 0 _aSerie de monografías (Inter-American Development Bank) ; ǂv 12.
942 _2lcc
_ccd
946 _aYSepulveda
999 _c632
_d632